Fortnite Named Locations Chapter 2: Season 4 - Statistics

General Stats
  • This quiz has been taken 457 times
    381 since last reset
  • The average score is 9 of 17
Answer Stats
Location % Correct
Stark Industries
80%
Doom's Domain
68%
Salty Springs
63%
Retail Row
61%
Slurpy Swamp
57%
Lazy Lake
54%
Misty Meadows
54%
Dirty Docks
49%
Holly Hedges
49%
Craggy Cliffs
48%
Steamy Stacks
47%
Weeping Woods
47%
The Ruins
46%
Sweaty Sands
44%
Catty Corner
43%
Coral Castle
40%
The Fortilla
20%
No matching quizzes found
Score Distribution
Percent of People with Each Score
Percentile by Number Answered
Your Score History
You have not taken this quiz since the last reset